Systémová analýza faktorov a spôsobov formovania verejného sektora v SR a ich komparácia v medzinárodnom meradle názov 3. etapy riešenia
Salvato in:
| Autore principale: | |
|---|---|
| Altri autori: | , , , |
| Natura: | Libro |
| Lingua: | slovacco |
| Pubblicazione: |
Bratislava
Výskumný ústav národohospodársky EU
2000
|
| Serie: | Štúdie
|
| Soggetti: | |
| Tags: |
Nessun Tag, puoi essere il primo ad aggiungerne!!
|
MARC
| LEADER | 00000nam a2200000 4500 | ||
|---|---|---|---|
| 001 | c124962 | ||
| 005 | 20250725072129.1 | ||
| 022 | |a 1335-1419 | ||
| 041 | 0 | |a slo | |
| 044 | |a SK | ||
| 245 | 1 | 0 | |a Systémová analýza faktorov a spôsobov formovania verejného sektora v SR a ich komparácia v medzinárodnom meradle |b názov 3. etapy riešenia |c Vedúci projektu: Ján Přívara a kol. |
| 264 | 1 | |a Bratislava |b Výskumný ústav národohospodársky EU |c 2000 | |
| 300 | |a 77 s. | ||
| 490 | 1 | |a Štúdie | |
| 830 | 0 | |a Štúdie | |
| 610 | 2 | 0 | |a správa verejná |
| 610 | 2 | 0 | |a správa štátna |
| 610 | 2 | 0 | |a analýzy |
| 610 | 2 | 0 | |a porovnanie medzinárodné |
| 610 | 2 | 0 | |a reformy |
| 610 | 2 | 0 | |a rozvoj hospodársky |
| 610 | 2 | 0 | |a hospodárstvo regionálne |
| 610 | 2 | 0 | |a ekonomika priestorová |
| 610 | 2 | 0 | |a demografia |
| 610 | 2 | 0 | |a regióny |
| 610 | 2 | 0 | |a politika regionálna |
| 610 | 2 | 0 | |a Slovensko |
| 100 | 1 | |a Přívara, Jan | |
| 700 | 1 | |a Staneková, Eva | |
| 700 | 1 | |a Grubiaková, Slávka | |
| 700 | 1 | |a Drozdová, Daniela, 1959- | |
| 700 | 1 | |a Antal, Milan | |